Caractères de La Bruyere, suivis des Caractères de Théophraste / (Record no. 156693)

MARC details
000 -LEADER
campo de control de longitud fija 00784nam a22002055i 4500
001 - NÚMERO DE CONTROL
campo de control 156693
003 - IDENTIFICADOR DE NÚMERO DE CONTROL
campo de control ES-MaACL
005 - FECHA Y HORA DE LA ÚLTIMA TRANSACCIÓN
campo de control 20251015063139.0
008 - DATOS DE LONGITUD FIJA--INFORMACIÓN GENERAL
campo de control de longitud fija 040804s1860 fr a |||| | fre d
040 ## - FUENTE DE CATALOGACIÓN
Centro catalogador/agencia de origen CAM
Lengua de catalogación spa
Centro/agencia transcriptor CAM
080 ## - NÚMERO DE LA CLASIFICACIÓN DECIMAL UNIVERSAL
Número de la Clasificación Decimal Universal 821.133.1-84"16"
100 1# - ENTRADA PRINCIPAL--NOMBRE DE PERSONA
Nombre de persona La Bruyère, Jean de,
Fechas asociadas al nombre 1645-1696
9 (RLIN) 69137
245 10 - MENCIÓN DEL TÍTULO
Título Caractères de La Bruyere, suivis des Caractères de Théophraste /
Mención de responsabilidad, etc. traduits du grec par La Bruyère, avec des notes et des additions par Schweighaeuser.
260 ## - PUBLICACIÓN, DISTRIBUCIÓN, ETC.
Lugar de publicación, distribución, etc. Paris :
Nombre del editor, distribuidor, etc. Librairie de Firmin Didot frères, fils et cie,
Fecha de publicación, distribución, etc. 1860.
300 ## - DESCRIPCIÓN FÍSICA
Extensión 528 p., [1] h. de lám. ;
Dimensiones 17 cm.
599 ## - NOTA A LAS ILUSTRACIONES
NOTA A LAS ILUSTRACIONES La h. de lám. grab. retrato del autor.
700 01 - ENTRADA AGREGADA--NOMBRE PERSONAL
Nombre de persona Teofrasto.
9 (RLIN) 109716
852 ## - LOCALIZACIÓN
Ubicación ES-MaACL
Número de control de estantería G-15328
Nota libre -- Enc. hol.
Holdings
Estatus retirado Estado de pérdida Estado de daño No para préstamo Colección Biblioteca de origen Biblioteca actual Ubicación en estantería Fecha de adquisición Fuente de adquisición Total de préstamos Signatura topográfica completa Código de barras Visto por última vez Precio de reemplazo Tipo de ítem Koha
        Libros del s. XIX Biblioteca del Ateneo de Madrid Biblioteca del Ateneo de Madrid Sala Pecera Planta 3 17/01/2008     G-15328 1163937 23/02/2023 23/02/2023 Libro impreso antiguo